<?xml version="1.0" encoding="UTF-8"?>
<record
    xmlns:xsi="http://www.w3.org/2001/XMLSchema-instance"
    xsi:schemaLocation="http://www.loc.gov/MARC21/slim http://www.loc.gov/standards/marcxml/schema/MARC21slim.xsd"
    xmlns="http://www.loc.gov/MARC21/slim">

  <leader>01169njm a22002537a 4500</leader>
  <controlfield tag="005">20100831112812.0</controlfield>
  <controlfield tag="006">a|||||r|||||00| 0 </controlfield>
  <controlfield tag="007">sd ammalaaahaa</controlfield>
  <controlfield tag="008">100831t        xxu||||| |||| 00| 0 hin d</controlfield>
  <datafield tag="028" ind1=" " ind2=" ">
    <subfield code="a">BEX. 259</subfield>
    <subfield code="b">Columbia</subfield>
  </datafield>
  <datafield tag="028" ind1=" " ind2=" ">
    <subfield code="a">RS. 601</subfield>
    <subfield code="b">Columbia</subfield>
  </datafield>
  <datafield tag="028" ind1=" " ind2=" ">
    <subfield code="a">RS. 596</subfield>
    <subfield code="b">Columbia</subfield>
  </datafield>
  <datafield tag="035" ind1=" " ind2=" ">
    <subfield code="a">GR-59</subfield>
  </datafield>
  <datafield tag="040" ind1=" " ind2=" ">
    <subfield code="a">SED/ VEN</subfield>
  </datafield>
  <datafield tag="100" ind1=" " ind2=" ">
    <subfield code="a">Abdul Karim Khan</subfield>
    <subfield code="9">17672</subfield>
  </datafield>
  <datafield tag="245" ind1=" " ind2=" ">
    <subfield code="a">Jamna ke teer Kana Bhaervi Thumri - aadataal Part 1 :</subfield>
    <subfield code="b">Hindustani /</subfield>
    <subfield code="c"> by Abdul Karim Khan</subfield>
    <subfield code="h">[sound recoding]</subfield>
  </datafield>
  <datafield tag="246" ind1=" " ind2=" ">
    <subfield code="a">&#x91C;&#x92E;&#x928;&#x93E; &#x915;&#x947; &#x924;&#x940;&#x930; &#x915;&#x93E;&#x928;&#x93E; -&#x92D;&#x948;&#x930;&#x935;&#x940;  &#x920;&#x941;&#x92E;&#x930;&#x940; - &#x906;&#x926;&#x93E;&#x924;&#x93E;&#x932; : &#x939;&#x93F;&#x928;&#x94D;&#x926;&#x941;&#x938;&#x94D;&#x924;&#x93E;&#x928;&#x940; (&#x905;&#x92C;&#x94D;&#x926;&#x941;&#x932; &#x915;&#x930;&#x940;&#x92E; &#x916;&#x93E;&#x928; )</subfield>
  </datafield>
  <datafield tag="300" ind1=" " ind2=" ">
    <subfield code="a">1 sound disc [Gramophone records]</subfield>
    <subfield code="b">analog, 33. 1/3 rpm </subfield>
    <subfield code="c">12 in (LP)</subfield>
    <subfield code="f">Gramophone records</subfield>
  </datafield>
  <datafield tag="500" ind1=" " ind2=" ">
    <subfield code="a">Brief record.</subfield>
  </datafield>
  <datafield tag="505" ind1=" " ind2=" ">
    <subfield code="a">Ab maine man dekhri -vasat khayal ektala ( &#x905;&#x92C;  &#x92E;&#x948;&#x902;&#x928;&#x947;  &#x92E;&#x928; &#x926;&#x947;&#x916;&#x930;&#x940;-&#x935;&#x938;&#x924; &#x916;&#x94D;&#x92F;&#x93E;&#x932; &#x90F;&#x915;&#x924;&#x93E;&#x932; ) &#x92D;&#x93E;&#x917; &#x968; </subfield>
  </datafield>
  <datafield tag="650" ind1=" " ind2=" ">
    <subfield code="a">Classical Music</subfield>
    <subfield code="x">Excerpts.</subfield>
    <subfield code="z">India</subfield>
    <subfield code="9">17694</subfield>
  </datafield>
  <datafield tag="942" ind1=" " ind2=" ">
    <subfield code="2">ddc</subfield>
    <subfield code="c">GR</subfield>
  </datafield>
  <datafield tag="999" ind1=" " ind2=" ">
    <subfield code="c">43220</subfield>
    <subfield code="d">43220</subfield>
  </datafield>
  <datafield tag="952" ind1=" " ind2=" ">
    <subfield code="0">0</subfield>
    <subfield code="1">0</subfield>
    <subfield code="2">ddc</subfield>
    <subfield code="4">0</subfield>
    <subfield code="7">1</subfield>
    <subfield code="a">L</subfield>
    <subfield code="b">L</subfield>
    <subfield code="d">2010-08-31</subfield>
    <subfield code="e">SED/VEN</subfield>
    <subfield code="l">0</subfield>
    <subfield code="p">GR-59</subfield>
    <subfield code="r">2010-08-31 00:00:00</subfield>
    <subfield code="t">1</subfield>
    <subfield code="w">2010-08-31</subfield>
    <subfield code="y">GR</subfield>
  </datafield>
</record>
